[Event "Zuerich op-B 38th"]
[Site "Zuerich"]
[Date "2014.12.28"]
[Round "4"]
[White "Binggeli, Christian"]
[Black "Siegel, Adrian"]
[Result "1-0"]
[WhiteElo "1998"]
[BlackElo "1900"]
[PlyCount "67"]
[EventDate "2014.12.26"]
[EventType "swiss"]
[EventRounds "7"]
[EventCountry "SUI"]
[SourceTitle "CBM 164 Extra"]
[Source "ChessBase"]
[SourceDate "2015.03.02"]
[SourceVersion "1"]
[SourceVersionDate "2015.03.02"]
[SourceQuality "1"]

1. c4 e5 2. g3 g6 3. Bg2 Bg7 4. Nc3 Nc6 5. e4 d6 6. Nge2 Be6 7. d3 Qd7 8. Be3 Bh3 9. Bxh3 Qxh3 10. d4 Nge7 11. d5 Nd8 12. Qd2 a6 13. 0-0-0 0-0 14. Kb1 b6 15. f3 Qd7 16. Rdg1 f5 17. h4 fxe4 18. fxe4 Qg4 19. h5 gxh5 20. Rh4 Qg6 21. g4 Qf6 22. Bg5 Qf7 23. gxh5 Kh8 24. Rhg4 Bf6 25. Rf1 Ng8 26. Ng3 Qd7 27. Nf5 Nf7 28. Be3 Ne7 29. Rgg1 Rg8 30. Ng3 Bh4 31. Rxf7 Bxg3 32. Bg5 Bf4 33. Bf6+ Rg7 34. Rgxg7 1-0

[Event "Stein am Rhein op 2nd"]
[Site "Stein am Rhein"]
[Date "2014.03.02"]
[Round "5"]
[White "Siegel, Adrian"]
[Black "Boschetti, Claudio"]
[Result "0-1"]
[WhiteElo "1940"]
[BlackElo "2095"]
[PlyCount "130"]
[EventDate "2014.02.28"]
[EventType "swiss"]
[EventRounds "5"]
[EventCountry "SUI"]
[SourceTitle "CBM 159 Extra"]
[Source "ChessBase"]
[SourceDate "2014.04.24"]
[SourceVersion "1"]
[SourceVersionDate "2014.04.24"]
[SourceQuality "1"]

1. d4 Nf6 2. Nf3 b5 3. Bg5 Bb7 4. Nbd2 e6 5. e3 a6 6. Bd3 c5 7. c3 Nc6 8. 0-0 Be7 9. Qe2 d6 10. Bf4 Nh5 11. Bg3 Nxg3 12. hxg3 Qc7 13. a4 c4 14. Bc2 0-0 15. e4 e5 16. Rfd1 exd4 17. cxd4 Bf6 18. Nf1 Nb4 19. Bb1 Rfe8 20. Qd2 Nc6 21. Qf4 Nb4 22. axb5 axb5 23. Rxa8 Bxa8 24. Qf5 Nd3 25. Bxd3 cxd3 26. Qxb5 Rb8 27. Qxd3 Rxb2 28. Qa3 Rb8 29. Qd3 Bc6 30. Ne3 Qb7 31. Ng4 Bxe4 32. Nxf6+ gxf6 33. Qe3 Kg7 34. Qf4 Qd5 35. Re1 Bg6 36. Nh4 Rb4 37. Rd1 Qb3 38. Re1 Qc3 39. Nf3 d5 40. Rc1 Qd3 41. Re1 Rb2 42. Qc1 Qb3 43. Qf4 Qc2 44. Nh4 Qd2 45. Qe3 Qb4 46. Rd1 Bc2 47. Re1 Be4 48. Rd1 Rc2 49. Nf3 Qb2 50. Rf1 Re2 51. Qf4 Bg6 52. Nh4 Re4 53. Nf5+ Bxf5 54. Qxf5 Qxd4 55. Rc1 Qe5 56. Qf3 Re1+ 57. Rxe1 Qxe1+ 58. Kh2 Qe4 59. Qb3 d4 60. Qc4 f5 61. Qc1 h6 62. Kg1 d3 63. Qa1+ Kg6 64. Qa6+ Kh7 65. Qf6 Qd5 0-1

[Event "Nuremberg LGA Cup 9th"]
[Site "Nuremberg"]
[Date "2012.09.09"]
[Round "7"]
[White "Siegel, Adrian"]
[Black "Rausch, Wolfgang1111"]
[Result "1/2-1/2"]
[WhiteElo "2015"]
[BlackElo "1875"]
[PlyCount "87"]
[EventDate "2012.09.06"]
[EventType "swiss"]
[EventRounds "7"]
[EventCountry "GER"]
[SourceTitle "CBM 150 Extra"]
[Source "ChessBase"]
[SourceDate "2012.10.19"]
[SourceVersion "1"]
[SourceVersionDate "2012.10.19"]
[SourceQuality "1"]

1. d4 Nf6 2. Nf3 b6 3. Bg5 Ne4 4. Bf4 Bb7 5. Nbd2 e6 6. Nxe4 Bxe4 7. e3 Be7 8. c3 h6 9. Nd2 Bb7 10. Qc2 d6 11. Bb5+ c6 12. Bd3 Nd7 13. 0-0 0-0 14. Nf3 d5 15. a4 c5 16. Qe2 Re8 17. a5 c4 18. Bc2 b5 19. Nd2 b4 20. e4 b3 21. Bd1 Bg5 22. Bxg5 Qxg5 23. f4 Qg6 24. e5 f5 25. Nf3 a6 26. Nh4 Qh7 27. Qh5 Nf8 28. Qe2 Bc6 29. Qf2 Re7 30. Be2 Raa7 31. g3 g5 32. Ng2 Qg6 33. Ne3 Rg7 34. Qg2 Qe8 35. Kh1 g4 36. Kg1 h5 37. Kf2 Qc8 38. Rh1 Rh7 39. Rag1 Rag7 40. Qf1 Qd8 41. Qa1 h4 42. Qa3 hxg3+ 43. hxg3 Qe7 44. Qxe7 1/2-1/2

[Event "Nuremberg LGA Cup 9th"]
[Site "Nuremberg"]
[Date "2012.09.07"]
[Round "3"]
[White "Kahlert, Thomas"]
[Black "Siegel, Adrian"]
[Result "1-0"]
[WhiteElo "2229"]
[BlackElo "2015"]
[PlyCount "55"]
[EventDate "2012.09.06"]
[EventType "swiss"]
[EventRounds "7"]
[EventCountry "GER"]
[SourceTitle "CBM 150 Extra"]
[Source "ChessBase"]
[SourceDate "2012.10.19"]
[SourceVersion "1"]
[SourceVersionDate "2012.10.19"]
[SourceQuality "1"]

1. c4 e5 2. Nc3 Bb4 3. Nd5 Be7 4. g3 d6 5. Bg2 c6 6. Nxe7 Nxe7 7. d4 Be6 8. b3 0-0 9. Bb2 Ng6 10. dxe5 dxe5 11. Qxd8 Rxd8 12. Nf3 f6 13. Nd2 Na6 14. 0-0-0 Rd7 15. Ne4 Rad8 16. Ba3 b6 17. Nd6 c5 18. Nb5 Nb8 19. Nxa7 Ne7 20. Nb5 Nbc6 21. Rxd7 Rxd7 22. Rd1 Nd4 23. Nc3 Bg4 24. Rd2 Kf8 25. e3 Ndc6 26. Rxd7 Bxd7 27. Na4 Nb4 28. Nxb6 1-0

[Event "Nuremberg LGA Cup 9th"]
[Site "Nuremberg"]
[Date "2012.09.06"]
[Round "1"]
[White "Siegel, Adrian"]
[Black "Richter, Christian"]
[Result "1-0"]
[WhiteElo "2015"]
[BlackElo "2362"]
[PlyCount "109"]
[EventDate "2012.09.06"]
[EventType "swiss"]
[EventRounds "7"]
[EventCountry "GER"]
[SourceTitle "CBM 150 Extra"]
[Source "ChessBase"]
[SourceDate "2012.10.19"]
[SourceVersion "1"]
[SourceVersionDate "2012.10.19"]
[SourceQuality "1"]

1. d4 Nf6 2. Nf3 g6 3. Bg5 Bg7 4. Nbd2 d6 5. e4 h6 6. Bh4 g5 7. Bg3 Nh5 8. c3 c5 9. d5 Nd7 10. Be2 a6 11. a4 b6 12. Qc2 Rb8 13. 0-0 Nxg3 14. hxg3 Bf6 15. Nc4 Nf8 16. Rfd1 Ng6 17. Ne3 g4 18. Nd2 h5 19. Nf5 Kf8 20. Nc4 Ne5 21. Nce3 Kg8 22. f4 gxf3 23. gxf3 Ng6 24. Kf2 Kf8 25. Ng2 Ke8 26. Qd2 Kd7 27. Rh1 Kc7 28. Rad1 Rh7 29. f4 Qe8 30. Qc2 h4 31. Nfxh4 Nxh4 32. gxh4 Qh8 33. h5 Bd7 34. Bf3 Rg8 35. Qe2 Kb7 36. e5 Bg7 37. e6 fxe6 38. dxe6+ Bc6 39. Bxc6+ Kxc6 40. Qe4+ Kc7 41. Rd5 Bh6 42. Nh4 Bxf4 43. Qxf4 Rxh5 44. Ng6 Rf5 45. Rxh8 Rxf4+ 46. Nxf4 Rxh8 47. Rh5 Rf8 48. Ke3 Rg8 49. Ke4 Rg7 50. Kf5 Kc6 51. Rg5 Rh7 52. Nh5 Rh6 53. Nf4 Rh7 54. Kg6 Rh2 55. Nd5 1-0

[Event "Bratto Amateur op"]
[Site "Bratto"]
[Date "2012.04.29"]
[Round "4"]
[White "Siegel, Adrian"]
[Black "Cocconcelli, Lorenzo"]
[Result "1/2-1/2"]
[WhiteElo "2005"]
[BlackElo "1964"]
[PlyCount "68"]
[EventDate "2012.04.28"]
[EventType "swiss"]
[EventRounds "6"]
[EventCountry "ITA"]
[SourceTitle "EXT 2023"]
[Source "ChessBase"]
[SourceDate "2022.10.05"]
[SourceVersion "1"]
[SourceVersionDate "2022.10.05"]
[SourceQuality "1"]

1. d4 d5 2. Nf3 Nf6 3. c3 c5 4. Bg5 Nc6 5. e3 cxd4 6. exd4 Bf5 7. Qb3 Qb6 8. Nbd2 e6 9. Be2 Bd6 10. 0-0 Ne4 11. Nxe4 Bxe4 12. Nd2 Bg6 13. Rfe1 Qc7 14. Nf1 0-0 15. Bh4 f5 16. Bd3 Bf7 17. Qc2 h6 18. f3 Rac8 19. Re2 Qd7 20. Qd2 Bh5 21. Rae1 Rce8 22. Bg3 f4 23. Bf2 g5 24. h3 e5 25. dxe5 Nxe5 26. Nh2 Bf7 27. Ng4 Nxg4 28. hxg4 b6 29. Bf5 Qc6 30. Qd3 Bc5 31. Bd4 Bxd4+ 32. Qxd4 Qc5 33. Re5 Rxe5 34. Rxe5 Re8 1/2-1/2

[Event "Bratto Amateur op"]
[Site "Bratto"]
[Date "2012.04.28"]
[Round "1"]
[White "Cereda, Loris"]
[Black "Siegel, Adrian"]
[Result "1-0"]
[WhiteElo "2243"]
[BlackElo "2005"]
[PlyCount "67"]
[EventDate "2012.04.28"]
[EventType "swiss"]
[EventRounds "6"]
[EventCountry "ITA"]
[SourceTitle "EXT 2023"]
[Source "ChessBase"]
[SourceDate "2022.10.05"]
[SourceVersion "1"]
[SourceVersionDate "2022.10.05"]
[SourceQuality "1"]

1. e4 e6 2. d4 d5 3. exd5 exd5 4. Nf3 Bg4 5. h3 Bh5 6. Qe2+ Qe7 7. Be3 Nc6 8. Nc3 0-0-0 9. 0-0-0 Qb4 10. g4 Bg6 11. Nh4 Qa5 12. Nxg6 hxg6 13. Qb5 Bb4 14. Qxa5 Bxa5 15. Bg2 Nce7 16. Na4 c6 17. Nc5 Bc7 18. Rhe1 Bd6 19. Nd3 Nh6 20. Bg5 Rhe8 21. Re2 Nhg8 22. Rde1 b6 23. Bd2 Kd7 24. h4 Nc8 25. Bh3 Rxe2 26. Rxe2 Nce7 27. Ne5+ Bxe5 28. Rxe5 f6 29. Re2 Nc8 30. h5 g5 31. f4 gxf4 32. Bxf4 Nce7 33. g5+ Ke8 34. h6 1-0

[Event "Nuremberg LGA Cup 8th"]
[Site "Nuremberg"]
[Date "2011.09.10"]
[Round "4"]
[White "Mader, Manuela"]
[Black "Siegel, Adrian"]
[Result "1-0"]
[WhiteElo "2167"]
[BlackElo "1992"]
[PlyCount "49"]
[EventDate "2011.09.08"]
[EventType "swiss"]
[EventRounds "7"]
[EventCountry "GER"]
[SourceTitle "CBM 144 Extra"]
[Source "ChessBase"]
[SourceDate "2011.10.28"]
[SourceVersion "1"]
[SourceVersionDate "2011.10.28"]
[SourceQuality "1"]

1. e4 e6 2. d4 d5 3. Nd2 Nc6 4. c3 e5 5. dxe5 Nxe5 6. Ndf3 Nxf3+ 7. Nxf3 Nf6 8. e5 Ne4 9. Bd3 Nc5 10. Bb1 Be7 11. Nd4 Ne6 12. 0-0 c5 13. Nf5 Bf8 14. f4 g6 15. Ng3 Ng7 16. f5 b6 17. e6 g5 18. exf7+ Kxf7 19. f6 Ne6 20. Qh5+ Kg8 21. f7+ Kg7 22. Nf5+ Kf6 23. Nd4+ Kg7 24. Nxe6+ Bxe6 25. Bxg5 1-0

[Event "Nuremberg LGA Cup 8th"]
[Site "Nuremberg"]
[Date "2011.09.10"]
[Round "5"]
[White "Siegel, Adrian"]
[Black "Meulner, Klaus"]
[Result "1/2-1/2"]
[WhiteElo "1992"]
[BlackElo "2154"]
[PlyCount "128"]
[EventDate "2011.09.08"]
[EventType "swiss"]
[EventRounds "7"]
[EventCountry "GER"]
[SourceTitle "CBM 144 Extra"]
[Source "ChessBase"]
[SourceDate "2011.10.28"]
[SourceVersion "1"]
[SourceVersionDate "2011.10.28"]
[SourceQuality "1"]

1. d4 Nf6 2. Nf3 e6 3. Bg5 c5 4. c3 Qb6 5. Nbd2 Qxb2 6. Nc4 Qxc3+ 7. Bd2 Qxc4 8. e4 Qxf1+ 9. Kxf1 Nxe4 10. Be3 b6 11. Ne5 Ba6+ 12. Ke1 cxd4 13. Bd2 Nxd2 14. Qxd2 f6 15. Nd3 Nc6 16. a3 Na5 17. Qd1 Be7 18. Nb4 Bc4 19. Rc1 Rc8 20. Qh5+ g6 21. Qh6 Kf7 22. h4 Rc5 23. Rh3 Re5+ 24. Kd1 Bf8 25. Qf4 Bc5 26. g4 Rc8 27. Rxc4 Nxc4 28. Rf3 Be7 29. Rb3 Rb5 30. Qf3 Ne5 31. Qb7 Rc4 32. Qxa7 d3 33. Qa6 Rbc5 34. Nxd3 Nxd3 35. Rxd3 d5 36. f3 Rc1+ 37. Ke2 R1c2+ 38. Rd2 b5 39. Kd1 Rxd2+ 40. Kxd2 Rc4 41. Qxb5 Bxa3 42. Qb7+ Be7 43. Qb8 f5 44. Qh8 fxg4 45. Qxh7+ Kf6 46. h5 gxh5 47. Qh6+ Kf5 48. Qh7+ Kf6 49. Qh6+ Kf5 50. Qh7+ Ke5 51. Qxe7 gxf3 52. Qg5+ Kd6 53. Qg3+ Kc5 54. Qxf3 h4 55. Qf8+ Kc6 56. Qc8+ Kd6 57. Qb8+ Ke7 58. Qb7+ Kf6 59. Qb2+ Kf5 60. Qb1+ Re4 61. Qf1+ Kg5 62. Qg1+ Kf5 63. Qf1+ Rf4 64. Qh3+ Kf6 1/2-1/2

[Event "Nuremberg LGA Cup 8th"]
[Site "Nuremberg"]
[Date "2011.09.09"]
[Round "2"]
[White "Siegel, Adrian"]
[Black "Huss, Rolf"]
[Result "1-0"]
[WhiteElo "1992"]
[BlackElo "2057"]
[PlyCount "63"]
[EventDate "2011.09.08"]
[EventType "swiss"]
[EventRounds "7"]
[EventCountry "GER"]
[SourceTitle "CBM 144 Extra"]
[Source "ChessBase"]
[SourceDate "2011.10.28"]
[SourceVersion "1"]
[SourceVersionDate "2011.10.28"]
[SourceQuality "1"]

1. c4 g6 2. Nc3 Bg7 3. g3 e5 4. e4 d6 5. Bg2 Nc6 6. Nge2 Nd4 7. d3 Bg4 8. h3 Bf3 9. Bxf3 Nxf3+ 10. Kf1 c6 11. Kg2 Qf6 12. b4 h5 13. b5 h4 14. bxc6 bxc6 15. Qa4 Rc8 16. Nd5 Qe6 17. Kxf3 hxg3 18. Nxg3 Qd7 19. Nc3 f5 20. Kg2 f4 21. Nge2 g5 22. Ng1 g4 23. Qd1 f3+ 24. Kf1 Ne7 25. Rb1 Ng6 26. Nxf3 gxf3 27. Qxf3 Nf4 28. Bxf4 exf4 29. Ne2 0-0 30. Qg4 Qf7 31. Rg1 Rc7 32. Nd4 1-0